El crimen: causas, psicología del criminal, métodos de investigación (Registro nro. 6403)
[ vista simple ]
| 000 -Cabecera | |
|---|---|
| Campo de control de longitud fija | 00588aam a2200229 4500 |
| 005 - Fecha y hora de la última transacción | |
| Campo de control | 20260217181809.0 |
| 008 - Elementos de longitud fija--Información general | |
| Campo de control de longitud fija | 150715b1954 xxu||||| |||| 00| 0 spa d |
| 041 ## - Idioma | |
| Código de idioma | Español |
| 082 ## - Clasificación Decimal Dewey | |
| Número de clasificación | 364 G748c |
| 100 ## - Entrada principal--Autor personal | |
| Nombre personal | Granados, Mariano |
| 9 (RLIN) | 37630 |
| 245 ## - Título propiamente dicho | |
| Título | El crimen: causas, psicología del criminal, métodos de investigación |
| 260 ## - Pie de imprenta | |
| Lugar de publicación, distribución, etc. | México |
| 260 ## - Pie de imprenta | |
| Nombre del editor, distribuidor, etc. | Alameda |
| 260 ## - Pie de imprenta | |
| Fecha de publicación, distribución, etc. | 1954 |
| 300 ## - Descripción física | |
| Extensión | 296 páginas |
| 490 ## - Serie | |
| Título de la Serie | Investigación Criminal |
| 650 ## - Materia general | |
| Temática (materia general) | CRIMINOLOGÍA |
| 650 ## - Materia general | |
| Temática (materia general) | DELITOS |
| 650 ## - Materia general | |
| Temática (materia general) | CRIMEN |
| 650 ## - Materia general | |
| Temática (materia general) | PISCOLOGÍA DEL CRIMEN |
| 942 ## - Punto de acceso adicional KOHA | |
| Tipo de ítem KOHA | Libro |
| Fuente del sistema de clasificación o colocación | Dewey Decimal Classification |
| Signatura completa | Código de barras | Programa Académico | Tipo de ítem |
|---|---|---|---|
| 364 G748c | 1037 | Investigación Criminal | Libro |